Nomi degli autori del quiz Jetpunk - Statistics

Statistiche generali
  • Questo quiz è stato fatto 9 volte
  • Il punteggio medio è 5 su 25
Statistiche sulle risposte
autore % Corretto
scambi{gol}
71%
buck{1017}
29%
cosmo{kim}
29%
mac{212121}
29%
Matt{punk}
29%
nich{ster}
29%
Quizzer{6794}
29%
reless{ness}
29%
sku{kka}
29%
Third{Party}
29%
Wolf{Cam}
29%
CB{Temple}
14%
Gamer{1162}
14%
Gassu{69}
14%
Geo{guy}
14%
Jerry{928}
14%
kalbaha{mut}
14%
kiwi{rage}
14%
KoljiVri{Voda}
14%
Kv{kq}
14%
L{BA}
14%
mark{johan}
14%
Stew{art}
14%
Jiao{zira}
0%
kat{sudk}
0%
Nessun quiz corrispondente trovato
Distribuzione punteggi
Percentuale di utenti per punteggio
Percentile per numero di risposta
I tuoi punteggi nel tempo
Non hai fatto questo quiz